000 00855nam a2200193 a 4500
003 0
005 20250618111010.0
008 021128s19uu xx 00 eng d
050 _aPHS GV 347
_b.M36 2000
100 _aManabat, John Paul Canlas.
245 _aPerceptions of Southville International high school students on the maintenance of the school's sports equipment /
_cJohn Paul Canlas Manabat.
260 _aLas PiƱas City, Philippines :
_bSouthville International School and Colleges,
_c2000.
300 _aunnumbered pages :
_billustrations ;
_c28 cm.
504 _aIncludes bibliographical references.
650 _aPhysical education and training
_xEquipment and supplies
_vMaintenance and repair.
650 _aSports
_xEquipment and supplies
_vManagement.
650 _aSchool sports
_xEquipment and supplies
_zPhilippines.
942 _2lcc
_cPASS
999 _c96396
_d96396